El problema de la forma en la obra de arte
Saved in:
| Main Author: | |
|---|---|
| Format: | Book |
| Language: | Spanish |
| Published: |
Madrid
Visor
1988
|
| Series: | La balsa de la Medusa, 10
|
| Subjects: | |
| Tags: |
Add Tag
No Tags, Be the first to tag this record!
|
MARC
| LEADER | 00000nam a2200000 a 4500 | ||
|---|---|---|---|
| 001 | UCV9734 | ||
| 003 | CL-VaPUC | ||
| 008 | 930419e19880000SP |||||||||||||||||spa|d | ||
| 020 | |a 8477745196 | ||
| 082 | 0 | 4 | |a 701.17 |b HIL |2 21 |
| 100 | 0 | |a Hildebrand, Adolf von |e author |9 303759 | |
| 245 | 1 | 3 | |a El problema de la forma en la obra de arte |
| 300 | |a 109 p | ||
| 942 | |c BK | ||
| 945 | |d 19930419 00:00:00 | ||
| 260 | |a Madrid |b Visor |c 1988 | ||
| 650 | 7 | |a FORMA ESTETICA |2 CL-VaPUC |9 268640 | |
| 583 | |a last modification |c 19930419 00:00:00 |k Rodrigo Vera | ||
| 490 | 0 | |a La balsa de la Medusa, 10 | |
| 999 | |c 215034 |d 215032 | ||
| 952 | |0 0 |1 0 |4 0 |6 701_170000000000000_HIL_1988 |7 0 |8 A |9 198939 |a BIBARQ |b BIBARQ |d 2019-11-14 |i 2662892 |o 701.17 HIL 1988 |p 2662892 |r 2025-01-20 |w 2019-11-14 |y BK |k ARQ | ||
| 952 | |0 0 |1 0 |4 0 |6 701_170000000000000_HIL_1988 |7 0 |8 A |9 198940 |a BIBHIS |b BIBHIS |d 2019-11-14 |i 3134393 |l 1 |o 701.17 HIL 1988 |p 3134393 |r 2025-01-20 |s 2024-04-30 |w 2019-11-14 |y BK |k HIS | ||
| 952 | |0 0 |1 0 |4 0 |6 701_170000000000000_HIL_1988 |7 0 |8 A |9 198941 |a BIBART |b BIBART |d 2019-11-14 |i 4203577 |l 1 |m 2 |o 701.17 HIL 1988 |p 4203577 |r 2025-03-13 |s 2023-06-13 |w 2019-11-14 |y BK |k ART | ||